Peter Griffin's 'Taken' speech Quiz Stats

 Plays Quiz not verified by Sporcle

Score 0/47 Timer 05:00
1 Play Today
Answer % Correct
I
98.2%
I
98.2%
I
98.2%
I
98.2%
I
98.2%
a
93%
a
93%
you
86%
you
86%
you.
86%
You
86%
don't
84.2%
don't
84.2%
do
84.2%
know
82.5%
know
82.5%
who
81.6%
are.
81.6%
have
79.8%
have
79.8%
have
79.8%
what
77.2%
what
77.2%
but
75.4%
Answer % Correct
But
75.4%
skills.
72.8%
want,
71.1%
will
63.2%
of
60.5%
of
60.5%
find
59.6%
and
51.8%
is
50%
particular
49.1%
to
48.2%
can
47.4%
very
44.7%
lack
41.2%
be
38.6%
never
34.2%
able
34.2%
one
34.2%
them.
33.3%
two
28.1%
dollars
28.1%
wristwatch.
25.4%
Casio
22.8%

You're not logged in!

Compare scores with friends on all Sporcle quizzes.
OR
Log In

You Might Also Like...

Show Comments

Extras

Top Quizzes Today


Score Distribution

Your Account Isn't Verified!

In order to create a playlist on Sporcle, you need to verify the email address you used during registration. Go to your Sporcle Settings to finish the process.

Report this User

Report this user for behavior that violates our Community Guidelines.

Details: